1917 1390 1091 1187 1877 1614 1820 1805 1106 1084 1871 1178 1263 1104 1394 1713 1160 1231 1115 1463 1379 1399 1066 1924 1087 1389 1845 1806 1344 1780 1733 1049 1596 1144 1700 1703 1684 1278 1305 1923 1210 1351 1879 1162 1066 1962 1435 1693 1292 1743 1445 1070 1547 1879 1551 1245 1113 1816 1754 1214 1921 1620 1186 1387 1149 1470 1575 1723 1890 1974 1403 1201 1815 1508 1995 1388 1899 1271 1320 1564 1789 1064 1575 1485 1388 1906 1677 1306 1123 1059 1538 1034 1455 1522 1965 1245 1119 1116 1095 BCNSPRNW ULIB Ver.6.0+V

เปลี่ยนเป็นภาษาไทย

Change to English
 แสดงรายละเอียดบรรณานุกรม
  กลับหน้าหลัก

Brief Record : Get Marc (ISO 2709) : E-mail record : QR code < ปิดหน้าต่าง
LEADER : 00000nam 2200000uu 4500
001    13399113615
003     ULIB
008    110823s2548||||th 000 0 tha d
020    9749296303
090    นว.^bศ675ส 2548
100 0  ศุภกร เหรียญสุวรรณ
245 00 360 องศารัก/^cศุภกร เหรียญสุวรรณ
250    พิมพ์ครั้งที่ 1
260    กรุงเทพฯ :^bเล่มโปรด,^c2548
300    127 หน้า
710 1  เล่มโปรด
945    ^p85^l0^i24780
995    กัณชพร
999     ^aใช้งานได้ทุกระบบ
รายการนี้ยังไม่มีแท็ก
คุณยังไม่ได้ล็อกอิน คุณสามารถมีกิจกรรมร่วมกับเว็บไซต์ได้ แต่ต้องล็อกอินก่อน ::
  ล็อกอิน

รายการสื่อสารสนเทศ

ลำดับที่ ประเภท เลขเรียก/บาร์โค้ด สถานที่ สถานะ
1. นวนิยาย
นวนิยาย
นว. ศ675ส 2548 ฉ.1 
  Barcode: 24780
ห้องสมุดวิทยาเขตสวรรค์ประชารักษ์
►นวนิยาย
บนชั้น
  ขอยืม

BibComment


ยังไม่เคยถูกคอมเมนท์

คอมเมนท์ทรัพยากรรายการนี้
  คอมเมนท์: 360 องศารัก ศุภกร..


 Copyright 2026. Bcnsprnw @Library